[Event "Bogota rapid op"]
[Site "Bogota"]
[Date "2024.09.01"]
[Round "3"]
[White "Barreto Pulido, Mariana"]
[Black "Rodriguez Palacios, Gaby Lorainee"]
[Result "1-0"]
[WhiteElo "1698"]
[BlackElo "1406"]
[PlyCount "95"]
[EventDate "2024.09.01"]
[EventType "swiss (rapid)"]
[EventRounds "7"]
[EventCountry "COL"]
[SourceTitle "EXT 2025"]
[Source "ChessBase"]
[SourceDate "2024.10.14"]
[SourceVersion "1"]
[SourceVersionDate "2024.10.14"]
[SourceQuality "1"]

1. e4 c5 2. Nf3 d6 3. d4 cxd4 4. Nxd4 Nf6 5. Nc3 g6 6. f3 Bg7 7. Be3 Nc6 8. Qd2 0-0 9. Bc4 Re8 10. g4 a6 11. h4 b5 12. Bb3 b4 13. Nd5 Nxd5 14. Bxd5 Bb7 15. Bxc6 Bxc6 16. Nxc6 Qc8 17. Nd4 a5 18. Bh6 Qc4 19. Bxg7 Kxg7 20. h5 Rh8 21. Qd3 Qxd3 22. cxd3 Rac8 23. Kd2 a4 24. Rac1 Rb8 25. Rc7 e5 26. Ne2 b3 27. a3 Rb5 28. h6+ Kf6 29. Nc3 Rc5 30. Rxc5 dxc5 31. Nxa4 Rc8 32. Rc1 Kg5 33. Rxc5 Ra8 34. Nc3 Kxh6 35. Rxe5 f6 36. Rb5 Rf8 37. a4 Rg8 38. a5 f5 39. Rxb3 fxe4 40. Nxe4 Rf8 41. Ke3 Rb8 42. Rxb8 g5 43. a6 Kg6 44. a7 Kg7 45. a8Q Kf7 46. Rb7+ Ke6 47. Qa6+ Ke5 48. Rb5# 1-0